[Event "AUTO-OPEN-425"]
[Site "http://www.queenalice.com/game.php?id=119667"]
[Date "2006.10.21"]
[Round "1"]
[White "fertaka"]
[Black "bleve"]
[Result "0-1"]
[WhiteElo "1926"]
[BlackElo "1559"]

1. d4 d5 2. c4 e6 3. Nc3 Nc6 4. Nf3 Nf6 5. Bf4 h6 6. h4 Nh5 7. Bh2 Na5 8. cxd5
exd5 9. e3 Bg4 10. g3 Qd6 11. Bg2 Qb4 12. Qa4+ Qxa4 13. Ne5 Qc2 0-1

[Event "AUTO-OPEN-425"]
[Site "http://www.queenalice.com/game.php?id=119688"]
[Date "2006.10.21"]
[Round "1"]
[White "fertaka"]
[Black "delphifire"]
[Result "1-0"]
[WhiteElo "1831"]
[BlackElo "1648"]

1. d4 Nf6 2. e3 d5 3. c4 e6 4. Nc3 Bb4 5. Bd2 O-O 6. Qb3 Bxc3 7. Bxc3 Nc6 8. Nf3
Ne4 9. Nd2 f5 10. Nxe4 fxe4 11. cxd5 exd5 12. Qc2 Qf6 13. h3 a6 14. g4 Qf3 15.
Rh2 Bd7 16. Be2 Qf6 17. O-O-O Qd6 18. Rdh1 b5 19. h4 b4 20. Bd2 a5 21. g5 a4 22.
Qc5 Qxc5+ 23. dxc5 d4 24. Bb5 d3 25. Bxc6 Bxc6 26. Bxb4 Rab8 27. Bc3 Rb5 28. Bd4
Rd8 29. Kd2 Bd5 30. Ra1 Rxb2+ 31. Bxb2 1-0

[Event "AUTO-OPEN-425"]
[Site "http://www.queenalice.com/game.php?id=119689"]
[Date "2006.10.21"]
[Round "1"]
[White "delphifire"]
[Black "fertaka"]
[Result "0-1"]
[WhiteElo "1575"]
[BlackElo "1975"]

1. e4 c6 2. d4 d5 3. exd5 cxd5 4. c4 Nc6 5. Nc3 Nf6 6. Nf3 Bf5 7. c5 a6 8. Bg5
e6 9. Be2 Be7 10. O-O Ne4 11. Bxe7 Qxe7 0-1

[Event "AUTO-OPEN-425"]
[Site "http://www.queenalice.com/game.php?id=119691"]
[Date "2006.10.21"]
[Round "1"]
[White "johntelker"]
[Black "fertaka"]
[Result "0-1"]
[WhiteElo "1812"]
[BlackElo "1856"]

1. d4 d5 2. Nf3 c5 3. c3 Nc6 4. Qc2 g6 5. e4 f6 6. Be2 e5 7. dxe5 fxe5 8. exd5
Qxd5 9. Be3 Nf6 10. O-O Bf5 11. Qb3 Qxb3 12. axb3 Nd5 13. Bg5 h6 14. Bc1 g5 15.
Bb5 Bd7 16. Bxc6 Bxc6 17. Nxe5 Nf4 18. Bxf4 gxf4 19. Re1 Be7 20. Ng6 Rh7 21.
Nxf4 O-O-O 22. Rxa7 Kb8 23. Ra1 Bg5 24. Nh3 Be7 25. c4 Rg7 26. g3 Bf6 27. Nc3 h5
28. Nf4 Rh8 29. Nfd5 Bxd5 30. cxd5 h4 31. Re2 Bd4 32. Rae1 hxg3 33. hxg3 Rgg8
34. d6 Rxg3+ 0-1

[Event "Challenge"]
[Site "http://www.queenalice.com/game.php?id=120608"]
[Date "2006.10.24"]
[Round "-"]
[White "fertaka"]
[Black "Agner"]
[Result "0-1"]
[WhiteElo "1882"]
[BlackElo "1517"]

1. d4 d5 2. c4 c6 3. Nc3 Nf6 4. Qc2 dxc4 5. Bf4 Na6 6. O-O-O Qa5 7. e3 Nb4 8.
Qb1 Nd3+ 9. Bxd3 cxd3 10. Qxd3 Bf5 11. e4 Bd7 12. Nge2 e6 13. f3 Be7 14. g4 h6
15. h4 h5 16. g5 Nh7 17. Bg3 g6 18. d5 cxd5 19. exd5 Rd8 20. d6 Bc6 21. Qe3 Bf8
22. Be5 Rg8 23. Rhf1 Bg7 24. Bxg7 Rxg7 25. Nf4 Kd7 26. Rfe1 Re8 27. Nfd5 b6 28.
Qe5 Rgg8 29. Nf6+ Nxf6 30. Qxf6 Qf5 31. Qxf5 exf5 32. Re7+ Rxe7 33. dxe7+ Kxe7
34. Nd5+ Ke6 35. Nc7+ Ke5 36. Na6 Rc8 37. Kd2 Bxf3 38. Re1+ Be4 39. Nb4 Kf4 40.
Rg1 Rd8+ 41. Kc3 Ke3 42. Kc4 Rc8+ 43. Kb5 Rc5+ 44. Ka4 Ra5+ 45. Kb3 Bd5+ 46.
Nxd5+ Rxd5 47. Kc4 Rd2 48. Kb3 Rh2 49. Rc1 Rxh4 50. Rc7 Rg4 51. Rxf7 a5 52. Rf6
Rxg5 53. Rxb6 f4 54. Kc3 f3 55. Re6+ Kf4 56. Kd4 f2 57. Re4+ Kf3 58. Re3+ Kg2
59. Re2 h4 60. a3 h3 61. Ke4 Rf5 62. b4 axb4 63. axb4 h2 64. Rb2 Rb5 65. Ke3 Rf5
66. b5 h1=Q 67. Ra2 Qe1+ 68. Kd4 Qe5+ 69. Kc4 Qd5+ 70. Kb4 Qxa2 0-1

[Event "Challenge"]
[Site "http://www.queenalice.com/game.php?id=124443"]
[Date "2006.11.2"]
[Round "-"]
[White "fertaka"]
[Black "andreavb"]
[Result "0-1"]
[WhiteElo "1975"]
[BlackElo "1817"]

1. e4 e5 2. Bc4 d6 3. Nf3 c6 4. Nc3 Be7 5. d3 Nf6 6. Be3 O-O 7. Qd2 Ng4 8. O-O-O
Nd7 9. d4 Nxe3 10. Qxe3 exd4 11. Rxd4 b5 12. Bb3 Nc5 13. h4 Bf6 14. e5 Re8 15.
Qf4 Nxb3+ 16. cxb3 Be7 17. exd6 Bf6 18. Rd3 Re6 19. Rhd1 Bd7 20. g4 Bxh4 21.
Nxh4 Qxh4 22. Rf3 Rf6 23. Qg3 Qg5+ 24. Rd2 Rxf3 25. Qxf3 Qxg4 26. Qe3 Qe6 27.
Qc5 a5 28. Re2 Qf5 29. Qb6 Qf4+ 30. Kb1 Bf5+ 31. Ka1 Qc1+ 0-1

[Event "Challenge"]
[Site "http://www.queenalice.com/game.php?id=125618"]
[Date "2006.11.5"]
[Round "-"]
[White "andreavb"]
[Black "fertaka"]
[Result "0-1"]
[WhiteElo "1840"]
[BlackElo "1773"]

1. e4 c6 2. d4 d5 3. Nc3 dxe4 4. Nxe4 Bf5 5. Ng3 Bg6 6. Nf3 Nd7 7. Bc4 Ngf6 8.
O-O e6 9. Bg5 Be7 10. c3 Nb6 11. Bb3 Ne4 12. Bxe7 Qxe7 13. Nxe4 Bxe4 14. Bc2 Bg6
15. Bxg6 hxg6 16. Re1 O-O-O 17. Qc2 Rh5 18. g3 Rdh8 19. Kg2 g5 20. Rh1 f6 21.
Rae1 Qd6 22. Qe4 Kd7 23. b3 Qd5 24. c4 Qxe4 25. Rxe4 Nc8 26. h4 gxh4 27. Rexh4
Rxh4 28. Rxh4 Rxh4 29. Nxh4 Nd6 30. Kf3 a6 31. Ke3 g5 32. Nf3 Nf5+ 33. Kd3 b6
34. Ke4 Nd6+ 35. Kd3 g4 36. Nd2 f5 37. c5 bxc5 38. dxc5 Nb5 39. a4 Nc7 40. Nc4
Ke7 41. Ne5 Kf6 42. Nxc6 e5 43. Nb4 Ke6 44. Kc4 f4 45. gxf4 exf4 46. Kd4 Kf5 47.
c6 Ne6+ 48. Kd5 g3 49. Nd3 g2 50. Nxf4 Nxf4+ 51. Kd6 g1=Q 52. c7 Qd1+ 53. Kc6
Qd5+ 54. Kb6 Qxb3+ 55. Ka7 Qc4 56. Kb8 Qb4+ 57. Ka7 Qd4+ 58. Kb7 Qd7 59. Kb8
Qxa4 60. c8=Q+ Ne6 61. Ka7 a5 62. Qb7 Qd4+ 63. Ka6 a4 64. Qf7+ Ke5 65. Qh5+ Kd6
66. Qh2+ Qe5 67. f4 Nc7+ 68. Kb7 Qb5+ 69. Kc8 Qd7+ 70. Kb7 Nb5+ 71. Ka6 Qc6+ 72.
Ka5 a3 73. Qh6+ Kc5 74. Qg5+ Kc4 75. Qg8+ Qd5 76. Qc8+ Nc7+ 77. Kb6 Qc5+ 78. Kb7
a2 79. f5 Kb5 80. Qxc7 Qxc7+ 81. Kxc7 a1=Q 82. Kd7 Qf6 0-1

[Event "Challenge"]
[Site "http://www.queenalice.com/game.php?id=130790"]
[Date "2006.11.18"]
[Round "-"]
[White "fertaka"]
[Black "andreavb"]
[Result "1-0"]
[WhiteElo "1894"]
[BlackElo "1844"]

1. e4 e5 2. Bc4 d6 3. Nf3 Be7 4. h3 c6 5. Nc3 Nd7 6. b3 Ngf6 7. d4 O-O 8. Bb2
Re8 9. dxe5 Nxe5 10. Nxe5 dxe5 11. Qe2 b5 12. Bd3 Bc5 13. O-O-O Qe7 14. g4 Ba3
15. g5 Nd7 16. Nb1 Bxb2+ 17. Kxb2 Qxg5 18. Nd2 Nc5 19. Nf3 Nxd3+ 20. Rxd3 Qf6
21. Qe3 Ba6 22. Rhd1 Qe7 23. Rd7 Qb4 24. c3 Qf8 25. Rxa7 Rxa7 26. Qxa7 Ra8 27.
Qb6 b4 28. c4 f6 29. Qxc6 Qc8 30. Qd5+ Kh8 31. Qd7 Bb7 32. Qxc8+ Rxc8 33. Nd2
Rd8 34. f3 Rd3 35. a3 bxa3+ 36. Kxa3 Ba6 37. Kb4 Kg8 38. Kc5 Kf7 39. b4 Ke7 40.
Ra1 Rxd2 41. Rxa6 Kf7 42. b5 Rd3 43. b6 Kg6 44. b7 Rb3 45. Rb6 1-0

[Event "Challenge"]
[Site "http://www.queenalice.com/game.php?id=130792"]
[Date "2006.11.18"]
[Round "-"]
[White "andreavb"]
[Black "fertaka"]
[Result "0-1"]
[WhiteElo "1844"]
[BlackElo "1855"]

1. e4 c6 2. Nf3 d5 3. exd5 cxd5 4. d4 Bf5 5. c3 Nc6 6. Bb5 f6 7. Bf4 a6 8. Bxc6+
bxc6 9. Na3 e6 10. Nc2 c5 11. O-O Bd6 12. Bxd6 Qxd6 13. dxc5 Qxc5 14. Ncd4 Nh6
15. Re1 Qd6 16. Nh4 O-O 17. Nhxf5 Nxf5 18. Nxe6 Rfe8 19. Qg4 Rxe6 20. Qxf5 Rae8
21. Rxe6 Rxe6 22. Rd1 Re5 23. Qc8+ Kf7 24. Qb7+ Kg6 25. g3 h5 26. Qb3 Qc5 27.
Qc2+ f5 28. Qd3 a5 29. Kg2 Qc6 30. Kh3 Kf6 31. f4 Re6 32. Qxd5 Qa6 33. Qd8+ Kg6
34. Kh4 Rf6 35. Qe8+ Rf7 36. Qe5 Rf6 37. Rd5 Qb6 38. Rxa5 Qxb2 39. h3 Kh6 40. c4
Qc2 41. c5 Rg6 42. c6 Rg4+ 43. hxg4 Qh2# 0-1

[Event "AUTO-OPEN-425"]
[Site "http://www.queenalice.com/game.php?id=169057"]
[Date "2007.2.15"]
[Round "2"]
[White "Shydo"]
[Black "fertaka"]
[Result "0-1"]
[WhiteElo "1771"]
[BlackElo "1810"]

1. e4 c6 2. d4 d5 3. e5 Bf5 4. f4 h5 5. Bd3 Qd7 6. Nf3 f6 7. O-O Na6 8. Bxf5
Qxf5 9. Nh4 Qg4 10. Qxg4 hxg4 11. Ng6 Rh6 12. Nxf8 Kxf8 13. e6 Nb4 14. Na3 f5
15. c3 Nd3 16. Nc2 Nf6 17. Ne1 Nxe1 18. Rxe1 g6 19. a4 Ne4 20. g3 Kg7 21. a5
Rah8 22. Re2 Nxg3 23. hxg3 Rh1+ 24. Kf2 R8h2+ 25. Ke3 Rh3 26. Rg2 Rf1 27. b4
Re1+ 28. Kf2 Rhh1 29. a6 Rhf1# 0-1

[Event "AUTO-OPEN-425"]
[Site "http://www.queenalice.com/game.php?id=169058"]
[Date "2007.2.15"]
[Round "2"]
[White "fertaka"]
[Black "Shydo"]
[Result "1-0"]
[WhiteElo "1833"]
[BlackElo "1799"]

1. d4 Nf6 2. Bf4 d6 3. c4 c5 4. d5 e6 5. Nc3 e5 6. Bg3 Be7 7. Qc2 O-O 8. O-O-O
a6 9. e3 b5 10. cxb5 axb5 11. f4 exf4 12. Bxf4 Ng4 13. Nh3 b4 14. Ne4 Bf5 15.
Bd3 Bxe4 16. Bxe4 Nf6 17. Bf3 Nbd7 18. g4 Nb6 19. Nf2 Rxa2 20. h4 Qa8 21. g5
Nfxd5 22. Bxd5 Nxd5 23. Qb3 Ra1+ 24. Kc2 Rxd1 25. Rxd1 Nxf4 26. exf4 Qg2 27. Rd2
d5 28. Qxd5 Qxd5 29. Rxd5 Rd8 30. Rd3 Rxd3 31. Kxd3 f6 32. Kc4 fxg5 33. fxg5 Kf7
34. h5 Ke6 35. Ne4 Kf5 36. Nxc5 Bxc5 37. Kxc5 Kxg5 38. Kxb4 Kxh5 39. Kc4 g5 40.
Kd3 g4 41. Ke3 Kg5 42. b4 Kh4 43. Kf2 Kh3 44. Kg1 Kg3 45. b5 h5 46. b6 Kf3 47.
b7 h4 48. b8=Q g3 49. Qb7+ Kf4 50. Kg2 1-0

[Event "QA-ANNIV-03"]
[Site "http://www.queenalice.com/game.php?id=225726"]
[Date "2007.6.15"]
[Round "1"]
[White "fertaka"]
[Black "Sherlock6834"]
[Result "1-0"]
[WhiteElo "1880"]
[BlackElo "1887"]

1. d4 Nf6 2. c4 g6 3. Nc3 d5 4. c5 Bg7 5. Bf4 Nc6 6. e3 O-O 7. a3 b6 8. cxb6
cxb6 9. Nf3 Nh5 10. Bg3 Re8 11. Bb5 Bb7 12. Ne5 Nxg3 13. Nxc6 1-0

[Event "QA-ANNIV-03"]
[Site "http://www.queenalice.com/game.php?id=246860"]
[Date "2007.7.27"]
[Round "2"]
[White "OrlandoRochaFilho"]
[Black "fertaka"]
[Result "0-1"]
[WhiteElo "2020"]
[BlackElo "1902"]

1. b3 d5 2. Nf3 c5 3. Bb2 Nc6 4. e3 Bf5 5. d3 e6 6. Be2 Bd6 7. Nbd2 f6 8. Nh4
Bg6 9. Nxg6 hxg6 10. c4 dxc4 11. dxc4 Qc7 12. h3 Nh6 13. Qc2 Ne7 14. Ne4 Be5 15.
Bxe5 Qxe5 16. Bf3 Qxa1+ 0-1

[Event "Challenge"]
[Site "http://www.queenalice.com/game.php?id=253265"]
[Date "2007.8.9"]
[Round "-"]
[White "fertaka"]
[Black "toldowisk"]
[Result "0-1"]
[WhiteElo "1941"]
[BlackElo "2045"]

1. d4 Nf6 2. Bf4 d5 3. c4 b6 4. e3 Bb7 5. Nc3 e6 6. Nf3 c5 7. Ne5 Nc6 8. Qa4 Qc8
9. cxd5 exd5 10. Bb5 cxd4 11. exd4 Bd6 12. Nxc6 Bxf4 13. Nxa7+ Kd8 14. Nc6+ Bxc6
15. Qb4 Bxb5 16. Qxb5 Re8+ 17. Kf1 Qc4+ 18. Qxc4 dxc4 19. g3 Bh6 20. Kg2 Ke7 21.
Nb5 Nd5 22. f4 Kf8 23. Nd6 Re2+ 24. Kh3 c3 25. bxc3 Nxc3 26. a3 g6 27. Rhc1 Nd5
28. a4 Rd2 29. Nb5 Bg7 30. Rc4 Re8 31. a5 bxa5 32. Rxa5 Ne3 33. Rca4 Nf5 34. Ra8
Re2 35. d5 Bf6 36. d6 Rxa8 37. Rxa8+ Re8 38. Ra7 Rb8 39. g4 Rxb5 40. gxf5 Rxf5
41. Ra8+ Kg7 42. Kg4 Rd5 43. Ra6 Rd4 44. h4 Be5 45. d7 Rxf4+ 46. Kg5 h6# 0-1

[Event "AUTO-OPEN-425"]
[Site "http://www.queenalice.com/game.php?id=276780"]
[Date "2007.9.25"]
[Round "3"]
[White "andreavb"]
[Black "fertaka"]
[Result "0-1"]
[WhiteElo "1840"]
[BlackElo "1926"]

1. e4 c6 2. d4 d5 3. exd5 cxd5 4. Bd3 Nf6 5. Nf3 Nc6 6. c3 Bg4 7. Nbd2 e6 8. O-O
Qc7 9. Re1 Bd6 10. Nf1 Ne7 11. h3 Bh5 12. g4 Bg6 13. Be3 h5 14. g5 Ne4 15. N3d2
Bf4 16. Nxe4 dxe4 17. Bb5+ Kf8 18. Rc1 Nf5 19. Qb3 Nxe3 20. fxe3 Bxg5 21. Re2
Bf5 22. Rg2 Bh6 23. Re1 Bxh3 24. Rf2 Bxf1 25. Kxf1 a6 26. Be2 Bxe3 0-1

[Event "AUTO-OPEN-425"]
[Site "http://www.queenalice.com/game.php?id=276781"]
[Date "2007.9.25"]
[Round "3"]
[White "fertaka"]
[Black "andreavb"]
[Result "0-1"]
[WhiteElo "1928"]
[BlackElo "1831"]

1. d4 d5 2. c4 e6 3. Nc3 Nf6 4. Bf4 Bd6 5. Bxd6 Qxd6 6. c5 Qd8 7. Nf3 O-O 8. Qc2
Nbd7 9. e3 c6 10. h4 Qc7 11. Bd3 b6 12. cxb6 axb6 13. Rg1 Ba6 14. g4 Bxd3 15.
Qxd3 e5 16. dxe5 Nxe5 17. Nxe5 Qxe5 18. f4 Qe7 19. O-O-O Rfe8 20. Rde1 Ne4 21.
Nxe4 Qxe4 22. Qxe4 Rxe4 23. a3 Rae8 24. Rg3 g6 25. b3 Kg7 26. g5 Rxf4 27. exf4
Rxe1+ 28. Kd2 Re4 29. Rf3 h5 30. Kd3 f5 31. Kc2 c5 32. Kc3 Kf7 33. a4 Ke6 34.
Kd3 Kd6 35. Kc3 Re1 36. b4 c4 37. Kd2 Ra1 38. Re3 Rxa4 39. Re8 Rxb4 40. Rg8 d4
41. Rxg6+ Kd5 42. Rh6 c3+ 43. Kc1 d3 44. Rf6 Ke4 45. g6 d2+ 46. Kc2 Rb2+ 47. Kd1
Rb1+ 0-1

[Event "AUTO-OPEN-425"]
[Site "http://www.queenalice.com/game.php?id=276782"]
[Date "2007.9.25"]
[Round "3"]
[White "pablosalermo"]
[Black "fertaka"]
[Result "1-0"]
[WhiteElo "1984"]
[BlackElo "1874"]

1. e4 c6 2. d4 d5 3. Nc3 Nf6 4. e5 Ne4 5. f3 Nxc3 6. bxc3 e6 7. f4 c5 8. Nf3
cxd4 9. cxd4 Qa5+ 10. c3 Qxc3+ 11. Bd2 Qc6 12. Rc1 Qd7 13. Qb3 Nc6 14. Bb5 a6
15. Qa4 Ra7 16. Rxc6 axb5 17. Rxc8+ Qxc8 18. Qxa7 Be7 19. O-O O-O 20. Rc1 Qd7
21. Qb6 Rc8 22. Rxc8+ Qxc8 23. Qxb5 Qc2 24. Qe8+ Bf8 25. h3 Qxa2 26. Ng5 Qb1+
27. Kh2 Qf5 28. g4 Qg6 29. Bb4 Qc2+ 30. Kg3 Qb3+ 31. Kh4 Qxb4 32. Qxf7+ Kh8 33.
Nxe6 Qe7+ 34. Qxe7 Bxe7+ 35. Kg3 b5 36. Nc5 b4 37. Nb3 g6 38. f5 gxf5 39. gxf5
Bg5 40. Kg4 Bd8 41. f6 Kg8 42. Kf5 Kf7 43. e6+ Ke8 44. Ke5 h5 45. f7+ Ke7 46.
Kxd5 h4 47. Kc6 Kf8 48. Kd7 Bf6 49. d5 Bg5 50. d6 Bf6 51. e7+ Bxe7 52. dxe7+
Kxf7 53. e8=Q+ 1-0

[Event "AUTO-OPEN-425"]
[Site "http://www.queenalice.com/game.php?id=276783"]
[Date "2007.9.25"]
[Round "3"]
[White "fertaka"]
[Black "pablosalermo"]
[Result "0-1"]
[WhiteElo "1907"]
[BlackElo "1971"]

1. d4 Nf6 2. Bf4 d5 3. c4 Bf5 4. Nc3 e6 5. e3 Bb4 6. a3 Be7 7. Nf3 c6 8. c5 O-O
9. Bd3 Nbd7 10. Qc2 Bg6 11. Bxg6 hxg6 12. h3 Nh5 13. Bh2 b6 14. g4 Nhf6 15. g5
Nh5 16. cxb6 axb6 17. Ne2 c5 18. Ng3 Nxg3 19. Bxg3 Bxg5 20. Nxg5 Qxg5 21. Rg1
cxd4 22. h4 Qg4 23. Qc6 d3 24. Kf1 d2 25. Kg2 Ne5 26. Qc2 Qf3+ 27. Kh2 Ng4+ 28.
Kh3 Nxf2+ 29. Kh2 d1=Q 30. Raxd1 Nxd1 31. Rxd1 Rac8 32. Qb3 Qe2+ 33. Kh3 Rc2 34.
Rb1 Qg2+ 35. Kg4 Qe4+ 0-1

[Event "QA-ANNIV-03"]
[Site "http://www.queenalice.com/game.php?id=316060"]
[Date "2007.12.6"]
[Round "4"]
[White "Kronista"]
[Black "fertaka"]
[Result "1-0"]
[WhiteElo "1801"]
[BlackElo "1894"]

1. e4 c6 2. d4 d5 3. Nc3 Nf6 4. Bg5 Nxe4 5. Nxe4 dxe4 6. Bc4 f6 7. Bh4 Nd7 8.
Ne2 Nb6 9. Bb3 Bf5 10. O-O h5 11. f4 g6 12. Ng3 Bg4 13. Qd2 Nd5 14. Nxe4 Bh6 15.
Rae1 O-O 16. h3 Bf5 17. Nc5 Qc7 18. c4 Nxf4 19. Qe3 1-0